Mémoires, documents et écrits divers laissés par le prince de Metternich, chancelier de cour et d'État, publiés par son fils, le prince Richard de Metternich, classés et réunis par M. A. de Klinkowstroem / (Record no. 159549)
[ view plain ]
| 000 -LEADER | |
|---|---|
| campo de control de longitud fija | 01125nam a2200205 i 4500 |
| 001 - NÚMERO DE CONTROL | |
| campo de control | 159549 |
| 003 - IDENTIFICADOR DE NÚMERO DE CONTROL | |
| campo de control | ES-MaACL |
| 005 - FECHA Y HORA DE LA ÚLTIMA TRANSACCIÓN | |
| campo de control | 20250928125019.0 |
| 008 - DATOS DE LONGITUD FIJA--INFORMACIÓN GENERAL | |
| campo de control de longitud fija | 990927m18801884fr |||| | fre d |
| 040 ## - FUENTE DE CATALOGACIÓN | |
| Centro catalogador/agencia de origen | CAM |
| Lengua de catalogación | spa |
| Centro/agencia transcriptor | CAM |
| 100 1# - ENTRADA PRINCIPAL--NOMBRE DE PERSONA | |
| Nombre de persona | Metternich, Clemens Wenzel Lothar |
| Títulos y otros términos asociados al nombre | Fürst von ( |
| Fechas asociadas al nombre | 1773-1859) |
| 9 (RLIN) | 80737 |
| 245 10 - MENCIÓN DEL TÍTULO | |
| Título | Mémoires, documents et écrits divers laissés par le prince de Metternich, chancelier de cour et d'État, publiés par son fils, le prince Richard de Metternich, classés et réunis par M. A. de Klinkowstroem / |
| Mención de responsabilidad, etc. | Fürst Clemens Lothar Wenzel von Metternich. |
| 260 ## - PUBLICACIÓN, DISTRIBUCIÓN, ETC. | |
| Lugar de publicación, distribución, etc. | Paris : |
| Nombre del editor, distribuidor, etc. | E. Plon et Cie, |
| Fecha de publicación, distribución, etc. | 1880-1884. |
| 300 ## - DESCRIPCIÓN FÍSICA | |
| Extensión | 5 v. : |
| Otras características físicas | rertr. ; |
| Dimensiones | 22 cm. |
| 505 8# - NOTA DE CONTENIDO CON FORMATO | |
| Nota de contenido con formato | Contiene: "1re partie". I-II. Depuis la naissance de Metternich jusqu'au Congrès de Vienne (1773-1815). - 1880 ; "2e partie". III-VII. L'Ere de paix (1816-1848). - 1881-1883 ; "3e partie". VIII. La Période de repos (1848-1859). - 1884 |
| 700 1# - ENTRADA AGREGADA--NOMBRE PERSONAL | |
| Nombre de persona | Klinkowstroem, M.A. de. |
| 9 (RLIN) | 128469 |
| 700 1# - ENTRADA AGREGADA--NOMBRE PERSONAL | |
| Nombre de persona | Metternich, Richard von, |
| Fechas asociadas al nombre | 1829-1895 |
| 9 (RLIN) | 164224 |
| 852 ## - LOCALIZACIÓN | |
| Ubicación | ES-MaACL |
| Número de control de estantería | F-12052-56 |
| Nota libre | -- Enc. pasta española |
| Estatus retirado | Estado de pérdida | Estado de daño | No para préstamo | Colección | Biblioteca de origen | Biblioteca actual | Ubicación en estantería | Fecha de adquisición | Total de préstamos | Signatura topográfica completa | Código de barras | Visto por última vez | Precio de reemplazo | Tipo de ítem Koha |
|---|---|---|---|---|---|---|---|---|---|---|---|---|---|---|
| Libros del s. XIX | Biblioteca del Ateneo de Madrid | Biblioteca del Ateneo de Madrid | Sala Pecera Planta 2 | 17/01/2008 | F-12052-56 | 1167027 | 23/02/2023 | 23/02/2023 | Libro impreso antiguo |
